000 00564cam a22001933a 4500
001 44577
003 PGUSA
005 20140828084022.0
008 140104s2014||||xxu|||||s|||||000 | eng d
040 _aPGUSA
_beng
042 _adc
245 1 4 _aThe Trial and Execution of the Sparrow for killing Cock Robin
_h[electronic resource] /
_cAnonymous
260 _bProject Gutenberg,
_c2014
506 _aPublic domain in the USA.
516 _aElectronic text
830 0 _aProject Gutenberg
_v44577
856 4 0 _uhttp://www.gutenberg.org/ebooks/44577
942 _cEB
999 _c273828
_d273828